00650nam a2200217 i 4500003000400000005001700004008004100021020003800062040002500100082001400125100003300139245005400172264003100226300002300257336002100280337002500301338002300326500005100349650002000400655001200420OSt20201122111904.0201122s2020 enk gr 000 f eng d a9781784709204cRM49.90qpaperback aPPAKbengcPPAKerda04223a813.61 aRoupenian, Kristen,eauthor.10aCat Person and Other Stories /cKRISTEN ROUPENIAN 1aLondon : bVintage, c2020 a224 pages :c20 cm 2rdacontentatext 2rdamediaaunmediated 2rdacarrieravolume aFirst published: London : Jonathan Cape, 2019. aWomen vFiction7 aFiction